College Quizbowl Stats
College Quizbowl Stats
Circuits
Seasons
Sets
Records
Detailed Stats
About
Loading...
Upstate NY
Tossups
Bonuses
Players
Teams
Categories (Tossup)
Categories (Bonus)
Anna Inman
SUNY ESF A
Categories
Category
Powers
Gets
Negs
BBs
Points
Earliest Buzz
Avg. Buzz
First Buzzes
Top 3 Buzzes
BPA
PVF
History - American
0
1
0
0
10
102
102.00
0
0
1.57
4.00
Mythology
0
1
0
0
10
107
107.00
0
0
0.61
2.00
Popular Culture
0
1
0
0
10
84
84.00
0
0
3.94
3.33
Science - Physics
0
0
0
0
0
0.00
0
0
0.00
0.00
Buzzes
Category
Answer
Value
Buzz Position
Popular Culture
Severance
10
84
History - American
United States citizenship
10
102
Mythology
Janus
10
107
Science - Physics
momentum
0
108
Previous
1
Next